000 00501nam a22001811a 4500
001 5329
003 OSt
005 20260204212011.0
008 070918s1996||||xx ||||||b||||||||||spa||
050 _aRD 542.1 Z78m
100 _aZorrilla, Lourdes
245 _aManual de laboratorio de química I, primer año; segundo, primer ciclo / Lourdes Zorrilla
264 _aSanto Domingo : CYTESA
300 _a78 p
500 _aIncluye bibliografía
650 _aQuímica LaboratorioÌ
942 _2ddc
_cBK
999 _c5329
_d5329